Psicología del niño
Gardado en:
| Autor Principal: | |
|---|---|
| Formato: | Libro |
| Idioma: | Lingua castelá |
| Publicado: |
Buenos Aires
Nova
1962
|
| Edición: | 2a. ed |
| Series: | Biblioteca Nova de educación
|
| Subjects: | |
| Tags: |
Engadir etiqueta
Sen Etiquetas, Sexa o primeiro en etiquetar este rexistro!
|
MARC
| LEADER | 00000nam a2200000 a 4500 | ||
|---|---|---|---|
| 001 | UCY5665 | ||
| 003 | CL-VaPUC | ||
| 008 | 950512e19621022AG |||||||||||||||||spa|d | ||
| 082 | 0 | 4 | |a 155.4 |b DEB |2 21 |
| 100 | 0 | |a Debesse, Maurice |e author |9 334713 | |
| 245 | 1 | 0 | |a Psicología del niño |
| 250 | |a 2a. ed | ||
| 300 | |a 456 p | ||
| 942 | |c BK | ||
| 945 | |d 19950512 00:00:00 |a mfernand | ||
| 260 | |a Buenos Aires |b Nova |c 1962 | ||
| 650 | 0 | |a Psicología del niño |9 307305 | |
| 650 | 7 | |a PSICOLOGIA GENETICA |2 CL-VaPUC |9 308771 | |
| 650 | 7 | |a INFANCIA |2 CL-VaPUC |9 334714 | |
| 650 | 7 | |a CRECIMIENTO |2 CL-VaPUC |9 334715 | |
| 650 | 7 | |a DESARROLLO FISIOLOGICO |2 CL-VaPUC |9 312423 | |
| 650 | 7 | |a DESARROLLO DE LA PERSONALIDAD |2 CL-VaPUC |9 311216 | |
| 650 | 0 | |a Aprendizaje |9 254827 | |
| 650 | 7 | |a JUEGO |2 CL-VaPUC |9 311404 | |
| 650 | 7 | |a CARACTER |2 CL-VaPUC |9 308186 | |
| 650 | 0 | |a Psicología educacional |9 307830 | |
| 650 | 0 | |a Escuelas |9 308582 | |
| 583 | |a last modification |c 19950512 00:00:00 |k Rodrigo Vera | ||
| 490 | 0 | |a Biblioteca Nova de educación | |
| 999 | |c 233297 |d 233295 | ||
| 952 | |0 0 |1 0 |4 0 |6 155_400000000000000_DEB_1962 |7 0 |8 P |9 238718 |a BIBEDU |b BIBEDU |c BIBEDU_PB |d 2019-11-18 |i 1503812 |o 155.4 DEB 1962 |p 1503812 |r 2024-01-25 |w 2019-11-18 |y BK |k EDU | ||